| 000 | nam a22 a 4500 | ||
|---|---|---|---|
| 999 |
_c444174 _d444174 |
||
| 003 | BLK | ||
| 005 | 20220208161529.0 | ||
| 008 | 220208b bu |||||r|||| 00| | bu d | ||
| 040 | _aBLK | ||
| 041 |
_aBUL _cBUL |
||
| 080 |
_aГорско стопанство. Лесовъдство _b630 _x(430) _z630(430) |
||
| 100 | 1 |
_950279 _aВъчовски, Христо Иванов _eпърви автор |
|
| 139 | _aВъчовски, Христо | ||
| 245 |
_aГорското стопанство в Германската демократична република _cХристо Въчовски |
||
| 260 |
_9209440 _aСофия _bЗемиздат _c1957 _n954-05- |
||
| 300 |
_a80 с. _bс ил. _c18 см |
||
| 380 | _a63 | ||
| 650 | 7 |
_9152316 _aГорско стопанство |
|
| 653 | 7 |
_9184269 _aгорско стопанство |
|
| 653 | 7 |
_9184110 _aГермания |
|
| 852 |
_aЦб I 1200 _bО |
||
| 942 |
_cKNG _n0 _s1 |
||
| 944 |
_aCR _c2022-02-08 _kХристина Везирева |
||